52 Ready-to-Teach Bible Study Lessons: (Record no. 6313)

MARC details
000 -LEADER
fixed length control field 00709nam a22002177a 4500
003 - CONTROL NUMBER IDENTIFIER
control field GBCCL
005 - DATE AND TIME OF LATEST TRANSACTION
control field 20241126110600.0
008 - FIXED-LENGTH DATA ELEMENTS--GENERAL INFORMATION
fixed length control field 180509b ||||| |||| 00| 0 eng d
020 ## - INTERNATIONAL STANDARD BOOK NUMBER
International Standard Book Number 0805417486
022 ## - INTERNATIONAL STANDARD SERIAL NUMBER
International Standard Serial Number 00682721
040 ## - CATALOGING SOURCE
Transcribing agency gbc
082 ## - DEWEY DECIMAL CLASSIFICATION NUMBER
Classification number 268.6
Item number DEA
100 ## - MAIN ENTRY--PERSONAL NAME
Personal name Dean, Robert J.
9 (RLIN) 11028
245 ## - TITLE STATEMENT
Title 52 Ready-to-Teach Bible Study Lessons:
Remainder of title Based on the International Sunday School Lessons /
Statement of responsibility, etc. Robert J. Dean, et.al.
260 ## - PUBLICATION, DISTRIBUTION, ETC.
Name of publisher, distributor, etc. Broadman & Holman Publishers,
Place of publication, distribution, etc. Nashville:
Date of publication, distribution, etc. 1997
300 ## - PHYSICAL DESCRIPTION
Extent 413 p.;
Other physical details ill.,
Dimensions 23 cm.
440 ## - SERIES STATEMENT/ADDED ENTRY--TITLE
Title Braodman Comments
Volume/sequential designation 1997-98
9 (RLIN) 11309
650 ## - SUBJECT ADDED ENTRY--TOPICAL TERM
Topical term or geographic name entry element Sunday School lessons
General subdivision Commentaries
9 (RLIN) 11306
650 ## - SUBJECT ADDED ENTRY--TOPICAL TERM
Topical term or geographic name entry element Bible
General subdivision Study and teaching
9 (RLIN) 10863
942 ## - ADDED ENTRY ELEMENTS (KOHA)
Source of classification or shelving scheme Dewey Decimal Classification
Koha item type Books
Holdings
Withdrawn status Lost status Source of classification or shelving scheme Damaged status Not for loan Home library Current Library Shelving location Date acquired Total checkouts Full call number Barcode Date last seen Copy number Price effective from Koha item type
    Dewey Decimal Classification     GRACE BIBLE COLLEGE GRACE BIBLE COLLEGE Ministry & Mission 2018-05-09   268.6 DEA 009150 2025-05-01 c.1 2018-05-09 Books
© Grace Bible College Library 2025